Normal view
MARC view
Entry Topical Term
001 - CONTROL NUMBER
- control field: 7087
003 - CONTROL NUMBER IDENTIFIER
- control field: OSt
005 - DATE AND TIME OF LATEST TRANSACTION
- control field: 20130310143621.0
008 - FIXED-LENGTH DATA ELEMENTS
- fixed length control field: 130310|||a|||||| | ||| d
040 ## - CATALOGING SOURCE
- Original cataloging agency: OSt
- Transcribing agency: OSt
150 ## - HEADING--TOPICAL TERM
- Topical term or geographic name as entry element: Contract law-text,cases and materials
670 ## - SOURCE DATA FOUND
- Source citation: Work cat.: (OSt): Mckendrick,Ewan 7086, Contract law text,cases and materials / , 2010
